|
|
|
|
| LEADER |
00657nam a2200205 a 4500 |
| 001 |
000682591 |
| 003 |
CZ BrMZK |
| 005 |
20030827070833.0 |
| 007 |
ta |
| 008 |
030819s1854 xr f ger d |
| 040 |
|
|
|a BOA001
|b cze
|c BOA001
|
| 100 |
1 |
|
|a Matauschek, Timotheus Anton
|7 mzk2009544584
|4 aut
|
| 245 |
1 |
0 |
|a Lehrbuch der Geometrie für d. österreich. Gymnasien und Realschulen /
|c Timotheus Anton Matauschek
|
| 260 |
|
|
|a Prag :
|b Haase,
|c 1854
|
| 300 |
|
|
|a 1 sv.
|
| 910 |
|
|
|a BOA001
|b 2-0091.780
|
| 964 |
|
|
|a Bohemika - stol. 19.
|
| 990 |
|
|
|a BK
|
| 993 |
|
|
|a Y
|
| 996 |
6 |
|
|b BC-111013
|c 2-0091.780
|l MZK
|r Sklad / do 24 hodin
|n 0
|w 000682591
|u 000020
|a 1
|e BOA001
|j MZK50
|s P
|